Words of Wall Street : (Record no. 75845)
[ view plain ]
| 000 -LEADER | |
|---|---|
| fixed length control field | 00854nam a2200277 a 4500 |
| 001 - CONTROL NUMBER | |
| control field | 75845 |
| 003 - CONTROL NUMBER IDENTIFIER | |
| rucl marc code | BD-RjUL |
| 005 - DATE AND TIME OF LATEST TRANSACTION | |
| control field | 20211209082744.0 |
| 008 - FIXED-LENGTH DATA ELEMENTS--GENERAL INFORMATION | |
| fixed length control field | 190724s1983 ilu d 000 0 eng |
| 020 ## - INTERNATIONAL STANDARD BOOK NUMBER | |
| International Standard Book Number | 0870943820 |
| 035 ## - SYSTEM CONTROL NUMBER | |
| System control number | (BD-RjUL)76064 |
| 040 ## - CATALOGING SOURCE | |
| Original cataloging agency | DLC |
| Transcribing agency | DLC |
| Modifying agency | DLC |
| -- | BD-RjUL |
| Language of cataloging | eng |
| 041 ## - LANGUAGE CODE | |
| Language code of text/sound track or separate title | eng |
| 082 00 - DEWEY DECIMAL CLASSIFICATION NUMBER | |
| Edition number | 23 |
| Classification number | 332.603 |
| Author mark and year | PEW 1983 |
| 100 1# - MAIN ENTRY--PERSONAL NAME | |
| Personal name | Pessin, Allan H. |
| 9 (RLIN) | 232502 |
| 245 10 - TITLE STATEMENT | |
| Title | Words of Wall Street : |
| Remainder of title | 2,000 investment terms defined / |
| Statement of responsibility, etc. | Allan H. Pessin, Joseph A. Ross. |
| 260 ## - PUBLICATION, DISTRIBUTION, ETC. (IMPRINT) | |
| Place of publication, distribution, etc. | Homewood, Ill. : |
| Name of publisher, distributor, etc. | Dow Jones-Irwin, |
| Date of publication, distribution, etc. | c1983. |
| 300 ## - PHYSICAL DESCRIPTION | |
| Pagination | xi, 297 p. ; |
| Size | 24 cm. |
| 650 #0 - SUBJECT ADDED ENTRY--TOPICAL TERM | |
| Topical term or geographic name as entry element | Investments |
| General subdivision | Dictionaries. |
| 9 (RLIN) | 232503 |
| Topical term or geographic name as entry element | Securities |
| General subdivision | Dictionaries. |
| 9 (RLIN) | 232504 |
| Topical term or geographic name as entry element | Finance |
| General subdivision | Dictionaries. |
| 9 (RLIN) | 232505 |
| 700 1# - ADDED ENTRY--PERSONAL NAME | |
| Personal name | Ross, Joseph A. |
| 942 ## - ADDED ENTRY ELEMENTS (KOHA) | |
| Source of classification or shelving scheme | Dewey Decimal Classification |
| Koha item type | Books |
| Lost status | Source of classification or shelving scheme | Damaged status | Not for loan | Collection code | Permanent Location | Current Location | Shelving location | Date acquired | Total Checkouts | Full call number | Date last seen | Copy number | Koha item type |
|---|---|---|---|---|---|---|---|---|---|---|---|---|---|
| Dewey Decimal Classification | Not For Loan | Non-fiction | Central Library, University of Rajshahi | Central Library, University of Rajshahi | Reading Room | 24/11/1993 | 332.603 PEW 1983 | 24/07/2019 | C-1 | Books |